00273nam a22000977a 4500008004100000041000800041080000800049100000700057101000800064245010300072180926b xxu||||| |||| 00| 0 eng d aeng a573 a11 aBIO aRadio tracer Methology In The Biological Environmental And Physical SciencecWang.C.H